00865 2200301 4500001002100000005001700021008004100038020002200079035002400101040001200125041001300137082001600150084001600166090001800182100001900200245008800219250001100307260003200318300003300350500005100383650002000434650002500454700001800479850001200497990001800509990001800527990001800545INLIS00000000003257920171127150831.0  a978-602-8526-99-9 0010-111700000000581 aYOPDYOG1 aindgeng042[23]a372.6 a372.6 Cam M aK 372.6 Cam M0 aCAMELIA ARMAND1 aMy first tabb: Hewan & lingkungan sekitarc/ Camelia Armand; editor, Astutiningsih aCet. 1 aJakartabCikal Aksarac2013 a[13] hlm.b: ilus.c; 19 cm. aTeks dalam bahasa Indonesia dan bahasa Inggris 4aKamus bergambar 4aKamus Bahasa Inggris0 aAstutiningsih aYOPDYOG a30784-PD/B.17 a30785-PD/B.17 a30786-PD/B.17